000 00737nam a2200253 i 4500
001 94110
003 ES-MaACL
005 20250814090541.0
007 t|
008 050621s2004 xxk |||| | eng d
020 _a1-85566-098-9
080 _a821.134.2"18/19":791
080 _a791(460)
100 1 _aFaulkner, Sally.
_948947
245 1 0 _aLiterary adaptations in spanish cinema /
_cSally Faulkner.
250 _a1st. ed.
260 _aLondon :
_bTamesis,
_c2004.
300 _aVIII, 198 p. ;
_c24 cm.
650 4 _aLiteratura española-
_xAdaptaciones cinematográficas.
_914540
650 7 _aCine y literatura
_2embne
_911036
650 4 _aCine-
_zEspaña.
_911025
852 _aES-MaACL
_jL-29186
999 _c94110
_d94110